000
00337 a2200157 4500
001
59067
020
_a
8508015666
040
_c
Anchieta - Pituba
100
_a
Chiavento, Júlio José
240
1
0
_a
A revolução de 1930
_l
Esp
245
1
0
_a
A revolução de 1930
300
_a
32
362
0
_a
1991
650
4
_a
Brasil
942
_c
BK
999
_c
59067
_d
59067